FOXPRO 2.5 MADE SIMPLE FOR DOS & WINDOWS . (Record no. 477985)

MARC details
000 -LEADER
fixed length control field 00800nam a2200253Ia 4500
008 - FIXED-LENGTH DATA ELEMENTS--GENERAL INFORMATION
fixed length control field 100315s9999 xx 000 0 und d
020 ## - INTERNATIONAL STANDARD BOOK NUMBER
International Standard Book Number 81-7029-689-7 
040 ## - CATALOGING SOURCE
Transcribing agency ENGLISH 
082 ## - DEWEY DECIMAL CLASSIFICATION NUMBER
Item number 3250 
Classification number 005.3 
100 ## - MAIN ENTRY--PERSONAL NAME
Personal name "TAXALI , R . K . "
245 ## - TITLE STATEMENT
Title FOXPRO 2.5 MADE SIMPLE FOR DOS & WINDOWS .
250 ## - EDITION STATEMENT
Edition statement 1st 
260 ## - PUBLICATION, DISTRIBUTION, ETC. (IMPRINT)
Place of publication, distribution, etc New Delhi 
Name of publisher, distributor, etc B.P.B PUBLICATIONS  
Date of publication, distribution, etc 1996 
300 ## - PHYSICAL DESCRIPTION
Extent "XXIV,592P  "
365 ## - TRADE PRICE
Price note Rupees 
Unit of pricing
Price amount 140.25 
366 ## - TRADE AVAILABILITY INFORMATION
Publishers' discount category 15 
505 ## - FORMATTED CONTENTS NOTE
Miscellaneous information DBH 
530 ## - ADDITIONAL PHYSICAL FORM AVAILABLE NOTE
Availability source LAXMI BOOK DEPOT 848/23-01-1999 
Additional physical form available note 848/23-01-1999 
620 ## -
-- "UES OF FOX PRO,COMMAND & FUNCTION SUMMARY ETC., "
630 ## - SUBJECT ADDED ENTRY--UNIFORM TITLE
Uniform title FOXPRO 2.5 MADE SIMPLE FOR DOS & WINDOWS .
650 ## - SUBJECT ADDED ENTRY--TOPICAL TERM
Topical term or geographic name as entry element Software Package 
730 ## - ADDED ENTRY--UNIFORM TITLE
Uniform title FOXPRO 2.5 MADE SIMPLE FOR DOS & WINDOWS .
942 ## - ADDED ENTRY ELEMENTS (KOHA)
Koha item type Book
Holdings
Withdrawn status Lost status Damaged status Not for loan Home library Current library Date acquired Cost, normal purchase price Total Checkouts Full call number Barcode Date last seen Price effective from Koha item type
        Dr. V. N. Bedekar Institute of Management Studies Library Dr. V. N. Bedekar Institute of Management Studies Library 07/03/2004 165.00   005.3 /TAX  3250  VPMBRIMS-3250  03/19/2010 03/19/2010 Book